Catálogo
 En Linea

Los dueños de la República Dominicana / (Registro nro. 25169)

Detalles MARC
000 -CABECERA
campo de control de longitud fija 00757nam a2200205 a 4500
001 - NÚMERO DE CONTROL
campo de control 000025677
005 - FECHA Y HORA DE LA ÚLTIMA TRANSACCIÓN
campo de control 20240319191734.0
008 - DATOS DE LONGITUD FIJA--INFORMACIÓN GENERAL
campo de control de longitud fija 090706s1992 dr 001 0 spa d
040 ## - FUENTE DE LA CATALOGACIÓN
Centro catalogador/agencia de origen DO-SdBNP
Lengua de catalogación spa
Centro/agencia transcriptor BNPHU
082 ## - NÚMERO DE LA CLASIFICACIÓN DECIMAL DEWEY
Número de clasificación 339.2097293
Número de documento/Ítem R789d
100 1# - ENTRADA PRINCIPAL--NOMBRE DE PERSONA
Nombre de persona Rosario, Esteban
Fechas asociadas al nombre 1953-
9 (RLIN) 9330
245 14 - MENCIÓN DE TÍTULO
Título Los dueños de la República Dominicana /
Mención de responsabilidad, etc. Esteban Rosario.
260 ## - PUBLICACIÓN, DISTRIBUCIÓN, ETC.
Lugar de publicación, distribución, etc. Santo Domingo :
Nombre del editor, distribuidor, etc. Servicios Gráficos Oriental,
Fecha de publicación, distribución, etc. 1992
Fabricante Editora Búho
300 ## - DESCRIPCIÓN FÍSICA
Extensión 214 p. ;
Dimensiones 22 cm.
504 ## - NOTA DE BIBLIOGRAFÍA, ETC.
Nota de bibliografía, etc. Incluye referencias bibliográficas
650 #4 - PUNTO DE ACCESO ADICIONAL DE MATERIA--TÉRMINO DE MATERIA
Término de materia o nombre geográfico como elemento de entrada Distribución del ingreso
Subdivisión geográfica República Dominicana
9 (RLIN) 6293
650 #4 - PUNTO DE ACCESO ADICIONAL DE MATERIA--TÉRMINO DE MATERIA
Término de materia o nombre geográfico como elemento de entrada Capitalistas
Subdivisión geográfica República Dominicana
9 (RLIN) 9331
650 #4 - PUNTO DE ACCESO ADICIONAL DE MATERIA--TÉRMINO DE MATERIA
Término de materia o nombre geográfico como elemento de entrada Riqueza
Subdivisión geográfica República Dominicana
9 (RLIN) 9332
650 #4 - PUNTO DE ACCESO ADICIONAL DE MATERIA--TÉRMINO DE MATERIA
Término de materia o nombre geográfico como elemento de entrada Pobreza
Subdivisión geográfica República Dominicana
9 (RLIN) 2079
Existencias
Estado de retiro Estado de pérdida Fuente del sistema de clasificación o colocación Restricciones de uso No para préstamo Código de colección Localización permanente Ubicación/localización actual Ubicación en estantería Fecha de adquisición Total de préstamos Signatura topográfica completa Código de barras Fecha visto por última vez Número de copia Precio válido a partir de Tipo de ítem Koha Fuente de adquisición Nota pública
    Dewey Decimal Classification Préstamo en sala   Dominicana de Servicio Biblioteca Nacional Pedro Henríquez Ureña Biblioteca Nacional Pedro Henríquez Ureña Depósito 30.05.2011   BNPHU DS 339.2097293 R789d 25677-30 25.06.2020 e. 3 25.06.2020 Libro    
    Dewey Decimal Classification Excluido de préstamo   Patrimonio Dominicano Biblioteca Nacional Pedro Henríquez Ureña Biblioteca Nacional Pedro Henríquez Ureña Depósito 21.02.2011   BNPHU PD 339.2097293 R789d 25677-10 25.06.2020   25.06.2020 Libro Donación Perteneció a la biblioteca personal de Germán Emilio Ornes
    Dewey Decimal Classification Excluido de préstamo   Patrimonio Dominicano Biblioteca Nacional Pedro Henríquez Ureña Biblioteca Nacional Pedro Henríquez Ureña Depósito 24.03.2011   BNPHU PD 339.2097293 R789d 25677-20 25.06.2020 e. 2 25.06.2020 Libro   Perteneció a la bibliteca personal de la Flia. Reyes Duluc

Con tecnología Koha